00367nam a22001337a 450000500170000000800410001704100130005808200130007110000130008424500440009726000350014130000310017665000260020720240506065146.0240506b |||||||| |||| 00| 0 eng d aEnglish  a349 LAW  lEnglish  aThe Law Reports: King's Bench Division  aLondon: bTHE COUNCIL, c1939  bxxiv, 787 pages; c25 cm.  aLegal practice bLaw